000 00721nab a2200193 4500
001 244442
003 OSt
005 20240320105159.0
007 tu
008 200917s2020|||||||
040 _aDE-2950
_cDE-2950
245 0 0 _aMontagsdemonstranten treten für AfD an
_bPolitik. Die AfD Frankfurt (Oder) will bei der Stadtverordnetenwahl stärkste Fraktion werden. Unterstützt wird die Rechtsaußenpartei von mehreren Montagsdemonstranten. Jetzt wurden die Kandidaten aufgestellt/
_cThomas Gutke
264 _c2024
653 _aFrankfurt (Oder)
653 _aKommunalwahl
653 _aAfD-Kandidaten
773 0 _g35. Jahrgang (2024) Nr. 67 vom 19.03.2024, S. 16 mit Foto
_tMärkische Oderzeitung
942 _2z
_cA
999 _c373038
_d373038